Water regimes and hydrogel applied on bell pepper grown in a protected environment (Registro n. 338227)
[ somente texto ]
| 000 -LÍDER | |
|---|---|
| fixed length control field | 03358nab a2200397 4500 |
| 003 - CÓDIGO MARC DA AGÊNCIA CATALOGADORA | |
| Campo de controle | BR-BrBNA |
| 005 - DATA E HORA DA ÚLTIMA ATUALIZAÇÃO | |
| Campo de controle | 20250917160026.0 |
| 008 - CAMPO DE TAMANHO FIXO | |
| fixed length control field | 250917b2024 bl.ar|pooa||| 00| 0 eng | |
| 040 ## - FONTE DA CATALOGAÇÃO | |
| Agência catalogadora | BR-BrBNA |
| Idioma da catalogação | por |
| 072 ## - CATEGORIA AGRIS | |
| Código AGRIS | F01 ; F06 ; F08 ; F50 ; F62 ; P10 |
| Código do objeto | 1845 |
| 100 ## - ENTRADA PRINCIPAL - NOME PESSOAL | |
| Nome pessoal | Menezes, Ademir Silva |
| 100 ## - ENTRADA PRINCIPAL - NOME PESSOAL | |
| Nome pessoal | Pinheiro Neto, Luis Gonzaga |
| 100 ## - ENTRADA PRINCIPAL - NOME PESSOAL | |
| Nome pessoal | Bastos, Edson Alves |
| 100 ## - ENTRADA PRINCIPAL - NOME PESSOAL | |
| Nome pessoal | Ramos, Dânley Erlen de Oliveira |
| 100 ## - ENTRADA PRINCIPAL - NOME PESSOAL | |
| Nome pessoal | Viana, Thales Vinícius de Araújo |
| 100 ## - ENTRADA PRINCIPAL - NOME PESSOAL | |
| Nome pessoal | Sousa, Carlos Henrique Carvalho de |
| 100 ## - ENTRADA PRINCIPAL - NOME PESSOAL | |
| Nome pessoal | Façanha, Rafaela Vieira |
| 100 ## - ENTRADA PRINCIPAL - NOME PESSOAL | |
| Nome pessoal | Lopes, Francisca Gleiciane Nascimento |
| 245 ## - TÍTULO PRINCIPAL | |
| Título principal | Water regimes and hydrogel applied on bell pepper grown in a protected environment |
| 500 ## - NOTA GERAL | |
| Nota geral | Summaries (En, Pt); 43 ref.; 3 illus.;3 tables |
| 942 ## - ADDED ENTRY ELEMENTS (KOHA) | |
| Koha item type | Analítica |
| 520 ## - NOTA DE RESUMO | |
| Nota de conteúdo | Abstract – The objective of this work was to evaluate the effect of the application of different doses of hydrogel and irrigation levels on the morphophysiological and productive behavior of a bell pepper cultivar, in a protected environment. Four doses of hydrogel (0.0, 0.6, 1.2, and, 2.4 g per plant) and four irrigation levels (50, 75, 100, and, 125%) were used, on the basis of the daily evapotranspiration of a bell pepper crop grown in a sandy soil. Height, stem diameter, and leaf area were measured at 70 and 100 days. At the end of the experiment, bell pepper yield and water use efficiency were estimated. Hydrogel associated with irrigation increases leaf area, productivity, and irrigation-water use efficiency. The applied water deficit (132.8 and 199.26 mm), associated with the hydrogel doses, does not affect the plants morphologically. Index terms: Capsicum annuum, deficit irrigation, water management. |
| 520 ## - NOTA DE RESUMO | |
| Nota de conteúdo | Resumo – O objetivo deste trabalho foi avaliar os efeitos da aplicação de diferentes doses de hidrogel e diferentes níveis de irrigação no comportamento morfofisiológico e produtivo de uma cultivar de pimentão, em ambiente protegido. Foram utilizadas quatro doses de hidrogel (0,0, 0,6, 1,2 e 2,4 g por planta) e quatro níveis de irrigação (50, 75, 100 e 125%), com base na evapotranspiração diária do cultivo de pimentão plantado em solo arenoso. A altura, diâmetro do caule e área foliar foram medidos aos 70 e 100 dias. Ao final do experimento, foram estimados o rendimento e a eficiência do uso da<br/>água da cultivar de pimentão. O hidrogel associado à irrigação aumenta a área foliar, a produtividade e a eficiência do uso da água de irrigação. O deficit hídrico aplicado (132,8 e 199,26 mm), associado às doses de hidrogel, não afeta morfologicamente as plantas. Termos para indexação: Capsicum annuum, irrigação deficitária, manejo da água. |
| 650 ## - ASSUNTO - THESAGRO | |
| Cabeçalho tópico ou nome geográfico | PIMENTÃO |
| 650 ## - ASSUNTO - THESAGRO | |
| Cabeçalho tópico ou nome geográfico | CAPSICUM ANNUUM |
| 650 ## - ASSUNTO - THESAGRO | |
| Cabeçalho tópico ou nome geográfico | CULTIVAR |
| 650 ## - ASSUNTO - THESAGRO | |
| Cabeçalho tópico ou nome geográfico | CULTIVO PROTEGIDO |
| 650 ## - ASSUNTO - THESAGRO | |
| Cabeçalho tópico ou nome geográfico | CONTROLE DE IRRIGAÇÃO |
| 650 ## - ASSUNTO - THESAGRO | |
| Cabeçalho tópico ou nome geográfico | MANEJO DE ÁGUA |
| 650 ## - ASSUNTO - THESAGRO | |
| Cabeçalho tópico ou nome geográfico | FISIOLOGIA VEGETAL |
| 650 ## - ASSUNTO - THESAGRO | |
| Cabeçalho tópico ou nome geográfico | MORFOLOGIA VEGETAL |
| 650 ## - ASSUNTO - THESAGRO | |
| Cabeçalho tópico ou nome geográfico | PRODUTIVIDADE |
| 773 0# - ENTRADA ANALÍTICA | |
| Host Biblionumber | 920 |
| Registro do item | 357578 |
| Imprenta | Brasília-DF Empresa Brasileira de Pesquisa Agropecuária - EMBRAPA 1966- |
| Outro identificador | 2025-5543 |
| Título | Pesquisa Agropecuária Brasileira (Brazil) |
| ISSN | 0100-204X |
| Colação | v. 59 p. 1-11; (2024) |
| Número de controle de registro | BR2025002457 |
| 856 ## - ACESSO E ENDEREÇO ELETRÔNICO | |
| Identificador uniforme de recurso - URI | https://www.scielo.br/j/pab/a/QT7qjVtmRcccgRpGtLz54Wk/?format=pdf&lang=en |
Nenhum exemplar disponível.

BINAGRI